000
00276nam a2200121Ia 4500
008
190216s9999||||xx |||||||||||||| ||und||
100
_a
Sugatha Kumari
245
0
_a
Muthuchippy
260
_b
Poorna Pubs Kozhikode
_c
1985
300
_a
88p
650
_a
Kavithkal
942
_c
BK
999
_c
26836
_d
26836